Most Played Songs Live - Foo Fighters - Statistics

General Stats
  • This quiz has been taken 516 times
  • The average score is 9 of 15
Answer Stats
Times Played Song % Correct
872 Everlong
95%
339 The Pretender
81%
809 Monkey Wrench
80%
698 Learn to Fly
79%
768 My Hero
77%
435 Best of You
75%
562 All My Life
71%
587 Times Like These
69%
531 Big Me
58%
747 This Is a Call
53%
585 Breakout
47%
549 Stacked Actors
30%
435 I'll Stick Around
28%
444 For All the Cows
17%
386 Cold Day in the Sun
16%
No matching quizzes found
Score Distribution
Percent of People with Each Score
Percentile by Number Answered
Your Score History
You have not taken this quiz